ბათუმის შოთა რუსთაველის სახელმწიფო უნივერსიტეტის ბიბლიოთეკა

საქართველოს ტყის სამკურნალო მცენარეები / (ბიბ.ჩანაწერი № 62363)

000 -ლიდერი
ფიქსირებული სიგრძის საკონტროლო ველი 01061nam a22002177a 4500
003 - საკონტროლო ნომრის იდენტიფიკატორი
საკონტროლო ველი Ge_BSU
005 - ბოლო ოპერაციის თარიღი და დრო
საკონტროლო ველი 20241015134221.0
008 - ფიქსირებული სიგრძის მონაცემთა ელემენტები - ზოგადი ინფორმაცია
ფიქსირებული სიგრძის საკონტროლო ველი 241015s1985 ge ||||| |||| 00| 0 geo d
041 ## - ენის კოდი
Language code of text/sound track or separate title geo
080 ## - უნივერსალური ათობითი კლასიფიკაციის ინდექსი
Universal Decimal Classification number 633.88(479.22) ხ-52
100 ## - მთავარი ჩანაწერი - პიროვნების სახელი
Personal name ხიდაშელი, შალვა
9 (RLIN) 23401
245 ## - ცნობა სათაურის შესახებ
Title საქართველოს ტყის სამკურნალო მცენარეები /
Statement of responsibility, etc შალვა ხიდაშელი; რედ. ო. ბზიკაძე, ვ. მემიაძე.
264 ## - წარმოების, გამოცემის, დისტრიბუციის და სხვა ცნობები
გამოცემის, წარმოების, დისტრიბუციის... ადგილი ბათუმი :
გამოცემის, წარმოების, დისტრიბუციის... სახელწოდება საბჭ. აჭარა,
გამოცემის, წარმოების, დისტრიბუციის... თარიღი 1985.
300 ## - ფიზიკური აღწერა
Extent 351 გვ. :
Other physical details ილ. ;
Dimensions 22 სმ.
501 ## - შენიშვნა თანმხლებ მასალაზე
With note საძიებელი: გვ. 341-345.
504 ## - BIBLIOGRAPHY, ETC. NOTE
Bibliography, etc ბიბლიოგრ.: გვ. 346-348.
520 ## - SUMMARY, ETC.
Summary, etc რეზ. რუს. და ინგლ.
653 ## - INDEX TERM--UNCONTROLLED
Uncontrolled term საქართველოს სამკურნალო მცენარეები.
700 ## - ADDED ENTRY--PERSONAL NAME
Personal name პაპუნიძე, ვანო
Relator term ავტორი
9 (RLIN) 23402
942 ## - ADDED ENTRY ELEMENTS (KOHA)
Source of classification or shelving scheme
Koha item type წიგნი
ეგზემპლარები
ჩამოწერის სტატუსი დაკარგული ეგზემპლარის სტატუსი კლასიფიკაციის წყარო ან თაროზე გაწყობის სქემა დაზიანების სტატუსი არ გაიცემა მუდმივი მდებარეობა (დაცვის ადგილი) ამჟამინდელი ადგილსამყოფელი თაროზე განთავსების ადგილი შეძენის თარიღი ღირებულება, შესყიდვის ნორმალური ფასი სრული შენახვის შიფრი შტრიხკოდი ბოლო ოპერაციის თარიღი ეგზემპლარის მიმდევრობითი ნომერი (კეტერი?) ფასის ძალაში შესვლის თარიღი ეგზემპლარის სახეობა საჯარო შენიშვნა
          ბათუმის შოთა რუსთაველის სახელმწიფო უნივერსიტეტის მთავარი ბიბლიოთეკა ბათუმის შოთა რუსთაველის სახელმწიფო უნივერსიტეტის მთავარი ბიბლიოთეკა წიგნსაცავი 2024-10-15 6.80 633.88(479.22) ხ-52 69335 2024-10-15 69335 2024-10-15 წიგნი 6 ლ. 80 თ.
          ბათუმის შოთა რუსთაველის სახელმწიფო უნივერსიტეტის მთავარი ბიბლიოთეკა ბათუმის შოთა რუსთაველის სახელმწიფო უნივერსიტეტის მთავარი ბიბლიოთეკა წიგნსაცავი 2024-10-15 6.80 633.88(479.22) ხ-52 69336 2024-10-15 69336 2024-10-15 წიგნი 6 ლ. 80 თ.
          ბათუმის შოთა რუსთაველის სახელმწიფო უნივერსიტეტის მთავარი ბიბლიოთეკა ბათუმის შოთა რუსთაველის სახელმწიფო უნივერსიტეტის მთავარი ბიბლიოთეკა წიგნსაცავი 2024-10-15 6.80 633.88(479.22) ხ-52 69337 2024-10-15 69337 2024-10-15 წიგნი 6 ლ. 80 თ.
          ბათუმის შოთა რუსთაველის სახელმწიფო უნივერსიტეტის მთავარი ბიბლიოთეკა ბათუმის შოთა რუსთაველის სახელმწიფო უნივერსიტეტის მთავარი ბიბლიოთეკა წიგნსაცავი 2024-10-28 6.00 633.88(479.22) ხ-52 69522 2024-10-28 69522 2024-10-28 წიგნი 6ლ.80თ.
          ბათუმის შოთა რუსთაველის სახელმწიფო უნივერსიტეტის მთავარი ბიბლიოთეკა ბათუმის შოთა რუსთაველის სახელმწიფო უნივერსიტეტის მთავარი ბიბლიოთეკა წიგნსაცავი 2024-10-28 6.00 633.88(479.22) ხ-52 69523 2024-10-28 69523 2024-10-28 წიგნი 6ლ.80თ.
          ბათუმის შოთა რუსთაველის სახელმწიფო უნივერსიტეტის მთავარი ბიბლიოთეკა ბათუმის შოთა რუსთაველის სახელმწიფო უნივერსიტეტის მთავარი ბიბლიოთეკა წიგნსაცავი 2025-02-21 6.00 633.88(479.22) ხ-52 70691 2025-02-21 70691 2025-02-21 წიგნი 6ლ.80თ.